| 000 | 01184 a2200205 4500 | ||
|---|---|---|---|
| 001 | 57953 | ||
| 005 | 20260407155839.0 | ||
| 008 | 260407a1988 arg spa d | ||
| 003 | AR-UNSa-BCEJYS | ||
| 040 |
_aAR-UNSa-BCEJYS _bspa _cAR-UNSa-BCEJYS |
||
| 080 |
_a332.1 _xEconomía regional. Economía territorial |
||
| 245 | 1 | 0 |
_aEl papel del municipio en la promoción microempresarial _p(organización, financiamiento y gestión de estrategias laborales alternativas) |
| 264 | 1 |
_aBuenos Aires : _bFundación Friedrich Ebert _c1988 |
|
| 300 |
_a49 p. _c20 cm. |
||
| 505 | _a1. Introducción - 2. Producción industrial, agentes productivos y políticas de promoción en la provincia de Buenos Aires - 3. El papel del municipio en la promoción y organización de microempresas - 4. Las experiencias microempresariales en el ámbito municipal - 5. Las políticas estatales de promoción de estrategias laborales alternativas - 6. Participación y gestión: el ámbito social de la economía - 7. El papel de la banca oficial en el financiamiento de microempresas | ||
| 942 | _cBK | ||
| 590 | _aniveau_biblio:m niveau_hierar:0 | ||
| 100 | 1 | _aColman, Oscar | |
| 700 | 1 | _aLapsenson, Susana | |
| 999 |
_c6338 _d6338 |
||